000 01195cam a22003377a 4500
003 CHAP
005 20220329142011.0
008 981211d1998 mx r 00110 spa d
010 _a76858
011 _a77830
035 _a87535
040 _cCHAP
090 _aTesis
100 0 0 _aLuna Rodríguez, Lorena.
_969107
245 1 0 _aCaracterización técnico financiera de las explotaciones ganaderas en la región Costa de Chiapas
_c/por Lorena Luna Rodríguez
260 _aChapingo, Méx. :
_bEl autor,
_c1998.
300 _a51 h. :
_bgráfs. ; anexos
502 _aTesis (Ing. Agr. Esp. em Zootecnia) -- UACH. Departamento de Zootecnia
590 _aALEPH
_b10
_c20130110
_lUCH01
_h1427
590 _aBATCH-UPD
_b10
_c20130110
_lUCH01
_h1911
590 _aBATCH-UPD
_b10
_c20130410
_lUCH01
_h1238
590 _aBATCH-UPD
_b10
_c20130914
_lUCH01
_h1501
590 _aCONVERSION
_b10
_c20130109
_lUCH01
_h1342
650 1 4 _aGanadería
_xAspectos económicos.
_944616
650 1 4 _aGanadería
_xChiapas.
_944668
901 _aBK
905 _aGuadalupe Pinto C.
942 _cFOLL
949 _bBC
_cTES
_d33724000588091
_eTS2
_fc.2
_h33209
_i87535
_si
949 _bBC
_cTES
_d875351
_eTS1
_h33208
_i87535
_sb
999 _c76858
_d76858